| 000 | 00678aam a2200241 4500 | ||
|---|---|---|---|
| 001 | 1420 | ||
| 003 | CO-MdFUSB | ||
| 005 | 20240531062735.0 | ||
| 008 | 170228t1972 ag ||||| |||| 00| 0 spa d | ||
| 040 |
_aCO-MdFUSB _bspa _cCO-MdFUSB _dCO-MdFUSBC _erda |
||
| 041 | 0 | _aspa | |
| 082 | 0 | 4 | _aG 200 E746d |
| 100 | 1 |
_aEscobar, Samuel (1934-) _eautor |
|
| 245 | 0 |
_aDecadencia de la religión _c / Samuel Escobar |
|
| 264 |
_aBuenos Aires, Argentina _b : Certeza, _c1972 |
||
| 300 | _a72 Pag. | ||
| 336 |
_2rdacontent _atexto _btxt |
||
| 337 |
_2rdamedia _asin mediación _bn |
||
| 338 |
_2rdacarrier _avolumen _bnc |
||
| 650 | 7 |
_aCristianismo _2 _922 |
|
| 653 | _aAteísmo | ||
| 942 | _cBK | ||
| 999 |
_c32743 _d32743 |
||